000
00300nam a2200109Ia 4500
008
200302s9999 xx 000 0 und d
100
_a
Liz Dobbs & Other
245
_a
Your Garden Makeover The Complete Guide to Garden Renewal
260
_b
Marshall Publishing Ltd.
260
_c
2000
300
_a
224 P.,
999
_c
1256
_d
1256